Reassessing the breadth of the protective benefit of immigrant neighborhoods: a multilevel analysis of violence risk by race, ethnicity, and labor market stratification
Researchers in the United States have increasingly recognized that immigration reduces crime, but it remains unresolved whether this applies to people of different racial–ethnic and economic backgrounds. By using the 2008–2012 area‐identified National Crime Victimization Survey (NCVS), we evaluate t...
| Autor principal: | |
|---|---|
| Otros Autores: | |
| Tipo de documento: | Electrónico Artículo |
| Lenguaje: | Inglés |
| Publicado: |
2018
|
| En: |
Criminology
Año: 2018, Volumen: 56, Número: 2, Páginas: 302-332 |
| Acceso en línea: |
Volltext (Resolving-System) |
| Verificar disponibilidad: | HBZ Gateway |
| Palabras clave: |
MARC
| LEADER | 00000caa a2200000 c 4500 | ||
|---|---|---|---|
| 001 | 157837393X | ||
| 003 | DE-627 | ||
| 005 | 20180820112604.0 | ||
| 007 | cr uuu---uuuuu | ||
| 008 | 180808s2018 xx |||||o 00| ||eng c | ||
| 035 | |a (DE-627)157837393X | ||
| 035 | |a (DE-576)50837393X | ||
| 035 | |a (DE-599)BSZ50837393X | ||
| 040 | |a DE-627 |b ger |c DE-627 |e rda | ||
| 041 | |a eng | ||
| 100 | 1 | |a Xie, Mie |4 aut | |
| 245 | 1 | 0 | |a Reassessing the breadth of the protective benefit of immigrant neighborhoods |b a multilevel analysis of violence risk by race, ethnicity, and labor market stratification |c Min Xie, Eric P. Baumer |
| 264 | 1 | |c 2018 | |
| 336 | |a Text |b txt |2 rdacontent | ||
| 337 | |a Computermedien |b c |2 rdamedia | ||
| 338 | |a Online-Ressource |b cr |2 rdacarrier | ||
| 520 | |a Researchers in the United States have increasingly recognized that immigration reduces crime, but it remains unresolved whether this applies to people of different racial–ethnic and economic backgrounds. By using the 2008–2012 area‐identified National Crime Victimization Survey (NCVS), we evaluate the effect of neighborhood immigrant concentration on individual violence risk across race/ethnicity and labor market stratification factors in areas with different histories of immigration. The results of our analysis reveal three key patterns. First, we find a consistent protective role of immigrant concentration that is not weakened by low education, low income, unemployment, or labor market competition. Therefore, even economically disadvantaged people enjoy the crime‐reduction benefit of immigration. Second, we find support for threshold models that predict a nonlinear, stronger protective role of immigrant concentration on violence at higher levels of immigrant concentration. The protective function of immigration also is higher in areas of longer histories of immigration. Third, compared with Blacks and Whites, Latinos receive a greater violence‐reduction benefit of immigrant concentration possibly because they live in closer proximity with immigrants and share common sociocultural features. Nevertheless, immigrant concentration yields a diminishing return in reducing Latino victimization as immigrants approach a near‐majority of neighborhood residents. The implications of these results are discussed. | ||
| 700 | 1 | |a Baumer, Eric P. |4 oth | |
| 773 | 0 | 8 | |i Enthalten in |t Criminology |d Oxford [u.a.] : Wiley-Blackwell, 1970 |g 56(2018), 2, Seite 302-332 |h Online-Ressource |w (DE-627)340877685 |w (DE-600)2066199-X |w (DE-576)25810161X |x 1745-9125 |7 nnas |
| 773 | 1 | 8 | |g volume:56 |g year:2018 |g number:2 |g pages:302-332 |
| 856 | 4 | 0 | |u https://dx.doi.org/ |x Resolving-System |3 Volltext |7 1 |
| 951 | |a AR | ||
| ELC | |a 1 | ||
| LOK | |0 000 xxxxxcx a22 zn 4500 | ||
| LOK | |0 001 3020423643 | ||
| LOK | |0 003 DE-627 | ||
| LOK | |0 004 157837393X | ||
| LOK | |0 005 20180921115302 | ||
| LOK | |0 008 180808||||||||||||||||ger||||||| | ||
| LOK | |0 040 |a DE-21-110 |c DE-627 |d DE-21-110 | ||
| LOK | |0 689 |a s |a Immigration | ||
| LOK | |0 689 |a s |a Victimizatio | ||
| LOK | |0 689 |a s |a Race | ||
| LOK | |0 689 |a s |a Hispanics or Latinos | ||
| LOK | |0 689 |a s |a National crime | ||
| LOK | |0 689 |a s |a Victimization Survey (NCVS) | ||
| LOK | |0 852 |a DE-21-110 | ||
| LOK | |0 852 1 |9 00 | ||
| LOK | |0 935 |a krub | ||
| LOK | |0 939 |a 08-08-18 |b l01 | ||
| ORI | |a SA-MARC-krimdoka001.raw | ||
